| 000 | 00705nam a2200253Ia 4500 | ||
|---|---|---|---|
| 003 | OSt | ||
| 005 | 20220918165224.0 | ||
| 006 | a|||||r|||| 00| 0 | ||
| 007 | ta | ||
| 008 | 220917b |||||||| |||| 00| 0 eng d | ||
| 020 | _a18007824479 | ||
| 024 | _a2,197 | ||
| 037 | _cTextual | ||
| 040 |
_aARTS _cARTS _beng |
||
| 041 |
_2eng _aeng |
||
| 082 | _aW:(G), N7:1 | ||
| 100 |
_aZahariadis Nikolaos _923272 |
||
| 245 | 0 | _aTheory,case and method in comparative politics | |
| 260 |
_aFort _bWorth Harcourt Brace College Pub _c1997 |
||
| 300 |
_a230 p. _ccm. |
||
| 650 |
_aCOMPARATIVE GOVERNMENT _923273 |
||
| 942 |
_hW:(G), N7:1 _cTEXL _2CC |
||
| 999 |
_c128827 _d128827 |
||